000
00314nam a22001457a 4500
008
210223b ||||| |||| 00| 0 eng d
020
_a
9780324223927
041
_a
eng
080
_2
3rd
_a
330
082
_a
330
100
_a
52
101
_a
EKO
245
_a
Exploring Economics
_c
Sexton, R
942
_2
udc
_c
BK
999
_c
55107
_d
55107